Sūra kī kāvya-kalā; (Record no. 53846)

MARC details
000 -LEADER
fixed length control field 00702cam a22002291 4500
001 - CONTROL NUMBER
control field sa 63001173
003 - CONTROL NUMBER IDENTIFIER
control field DLC
005 - DATE AND TIME OF LATEST TRANSACTION
control field 20260227111926.0
008 - FIXED-LENGTH DATA ELEMENTS--GENERAL INFORMATION
fixed length control field 920730s1962 ii 000 0 hino
010 ## - LIBRARY OF CONGRESS CONTROL NUMBER
LC control number sa 63001173
035 ## - SYSTEM CONTROL NUMBER
System control number (OCoLC)26288442
040 ## - CATALOGING SOURCE
Original cataloging agency DLC
Transcribing agency WaU
Modifying agency NRU
-- DLC
042 ## - AUTHENTICATION CODE
Authentication code premarc
050 00 - LIBRARY OF CONGRESS CALL NUMBER
Classification number PK2095.S8
Item number Z78
100 1# - MAIN ENTRY--PERSONAL NAME
Personal name Pāṇḍeya, Śambhūnātha,
Dates associated with a name 1923-
245 10 - TITLE STATEMENT
Title Sūra kī kāvya-kalā;
Remainder of title Sūrads̄a kā vistṛta vivecana.
Statement of responsibility, etc. Sampādaka (avaitanika) Śamphunātha Pāṇḍeya.
250 ## - EDITION STATEMENT
Edition statement [1. saṃskaraṇa]
260 ## - PUBLICATION, DISTRIBUTION, ETC.
Place of publication, distribution, etc. Āgarā,
Name of publisher, distributor, etc. Sarasvatī Saṃvāda,
Date of publication, distribution, etc. [1962]
300 ## - PHYSICAL DESCRIPTION
Extent 208 p.
Dimensions 22 cm.
500 ## - GENERAL NOTE
General note In Hindi.
600 00 - SUBJECT ADDED ENTRY--PERSONAL NAME
Personal name Sūradāsa,
Dates associated with a name 1483?-1563?

No items available.

Powered by Koha